| 000 | 01156cab a2200313 4500 | ||
|---|---|---|---|
| 001 | ABS48475 | ||
| 008 | 090401t1993 xxu||||| |||| 00| 0 eng d | ||
| 035 | _a(Sirsi) u66987 | ||
| 041 | _aeng | ||
| 100 | _aMynors, C. | ||
| 245 | _aPlanning law | ||
| 260 | _c1993 | ||
| 350 | _a0 | ||
| 490 |
_aSolicitors` Journal _v137(15) 23 April 1993, 375-376(2) |
||
| 520 | _aUpdate on planning law dealing with hazardous substances, planning applications, enforcement, demolition, simplified planning zones, planning obligations and Inquiries Procedure Rules. | ||
| 650 | _aCAMBRIDGE CC V SOS | ||
| 650 | _aDEMOLITION | ||
| 650 | _aDONCASTER BC V SOS V VAN DYCK V SOS | ||
| 650 | _aENVIRONMENTAL PROTECTION ACT 1990 | ||
| 650 | _aPLANNING (HAZARDOUS SUBSTANCES) ACT 1990 | ||
| 650 | _aPLANNING (HAZARDOUS SUBSTANCES) REGULATIONS 1992 | ||
| 650 | _aPLANNING AND COMPENSATION ACT (COMMENCEMENT ORDER 10) 1992 | ||
| 650 | _aPLANNING AND COMPENSATION ACT 1991 | ||
| 650 | _aPLANNING OBLIGATIONS | ||
| 650 | _aTOWN AND COUNTRY PLANNING (FEES ETCS) (AMENDMENT) (NO 2) | ||
| 690 | _aPLANNING LAW AND PRACTICE | ||
| 942 | _n0 | ||
| 948 | _c04/03/1997 | ||
| 999 |
_c41882 _d41882 |
||